000
00298nam a2200121Ia 4500
008
190216s9999||||xx |||||||||||||| ||und||
100
_a
Alka Mukopadhyay
245
0
_a
Hindi-Nadak Ka Anthima Drishya
260
_b
New Age International Publishers
300
_a
112
650
_a
Hindi
942
_c
BK
999
_c
15907
_d
15907